La créativité à l'école (Record no. 2373)

MARC details
000 -LEADER
fixed length control field 00653nam a2200229 4500
008 - FIXED-LENGTH DATA ELEMENTS--GENERAL INFORMATION
fixed length control field s1974 fr fre u
040 ## - CATALOGING SOURCE
Original cataloging agency LB-BrCRDP
082 1# - DEWEY DECIMAL CLASSIFICATION NUMBER
Classification number 370.118
Item number BEA
100 1# - MAIN ENTRY--PERSONAL NAME
Personal name Beaudot, Alain
245 13 - TITLE STATEMENT
Title La créativité à l'école
Statement of responsibility, etc. Alain Beaudot
250 ## - EDITION STATEMENT
Edition statement 2e éd.
260 ## - PUBLICATION, DISTRIBUTION, ETC.
Place of publication, distribution, etc. Paris
Name of publisher, distributor, etc. Puf
Date of publication, distribution, etc. 1974
300 ## - PHYSICAL DESCRIPTION
Extent 144 p.
Dimensions 18 cm
490 0# - SERIES STATEMENT
Series statement Collection SUP
500 ## - GENERAL NOTE
General note Table des matières, bibliographie.
650 4# - SUBJECT ADDED ENTRY--TOPICAL TERM
Topical term or geographic name entry element Créativité
650 4# - SUBJECT ADDED ENTRY--TOPICAL TERM
Topical term or geographic name entry element Intelligence
650 4# - SUBJECT ADDED ENTRY--TOPICAL TERM
Topical term or geographic name entry element Audiovisuel et créativité
650 4# - SUBJECT ADDED ENTRY--TOPICAL TERM
Topical term or geographic name entry element Relation maître - élève
942 ## - ADDED ENTRY ELEMENTS (KOHA)
Koha item type Books
Holdings
Withdrawn status Lost status Source of classification or shelving scheme Damaged status Not for loan Home library Current library Shelving location Date acquired Source of acquisition Cost, normal purchase price Total Checkouts Full call number Barcode Date last seen Copy number Price effective from Koha item type
    Dewey Decimal Classification     مكتبة دار المعلمين و المعلمات - زحلة مكتبة دار المعلمين و المعلمات - زحلة Salle de Lecture 06/25/2007 CRDP 0.00   370.118 BEA CRZ2473 07/27/2016 1 07/27/2016 Books